[Notice sur l'électromètre de M. Mascart (Record no. 160774)

MARC details
000 -LEADER
campo de control de longitud fija 00792nam a22001935i 4500
001 - NÚMERO DE CONTROL
campo de control 160774
003 - IDENTIFICADOR DE NÚMERO DE CONTROL
campo de control ES-MaACL
005 - FECHA Y HORA DE LA ÚLTIMA TRANSACCIÓN
campo de control 20230906212126.0
008 - DATOS DE LONGITUD FIJA--INFORMACIÓN GENERAL
campo de control de longitud fija 040908q18851900fr a |||| | fre d
040 ## - FUENTE DE CATALOGACIÓN
Centro catalogador/agencia de origen CAM
Lengua de catalogación spa
Centro/agencia transcriptor CAM
245 00 - MENCIÓN DEL TÍTULO
Título [Notice sur l'électromètre de M. Mascart
Resto del título : Ateliers Ruhmkorff, J. Carpentier ingénieur-constructeur ...].
260 ## - PUBLICACIÓN, DISTRIBUCIÓN, ETC.
Lugar de publicación, distribución, etc. Paris :
Nombre del editor, distribuidor, etc. [s.n.,
Fecha de publicación, distribución, etc. s.a.] (
Fabricante Imprimerie de Gauthier-Villars)
300 ## - DESCRIPCIÓN FÍSICA
Extensión 12 p. :
Otras características físicas il. ;
Dimensiones 24 cm.
500 ## - NOTA GENERAL
Nota general Tit. tomado de comienzo del texto y pie de imp. tomado de colofón.
596 ## - NOTA AL PIE DE IMPRENTA
NOTA AL PIE DE IMPRENTA Probablemente impreso en los últimos años del siglo XIX.
650 #4 - PUNTO DE ACCESO ADICIONAL DE MATERIA--TÉRMINO DE MATERIA
Término de materia o nombre geográfico como elemento de entrada Electricidad-
Subdivisión general Equipos.
9 (RLIN) 223398
852 ## - LOCALIZACIÓN
Ubicación ES-MaACL
Número de control de estantería T-668-F-3
Nota libre -- Enc. hol.
condición física -- Falto de la port.
Nota libre -- Enc. en un vol. facticio
Holdings
Estatus retirado Estado de pérdida Estado de daño No para préstamo Colección Biblioteca de origen Biblioteca actual Ubicación en estantería Fecha de adquisición Total de préstamos Signatura topográfica completa Código de barras Visto por última vez Precio de reemplazo Tipo de ítem Koha
        Colección de folletos Biblioteca del Ateneo de Madrid Biblioteca del Ateneo de Madrid Depósito folletos 17/01/2008   T-668-F-3 1168362 23/02/2023 23/02/2023 Folleto